[Event "Mittelrhein Verbandsliga Sued 1920"]
[Site "Mittelrhein"]
[Date "2019.09.29"]
[Round "1.7"]
[White "Swoboda, Alexander"]
[Black "Schopp, Jan"]
[Result "1/2-1/2"]
[WhiteElo "1707"]
[BlackElo "1716"]
[PlyCount "66"]
[EventDate "2019.09.29"]
[EventType "team-tourn"]
[EventRounds "9"]
[EventCountry "GER"]
[SourceTitle "EXT 2023"]
[Source "ChessBase"]
[SourceDate "2022.10.05"]
[SourceVersion "1"]
[SourceVersionDate "2022.10.05"]
[SourceQuality "1"]
[WhiteTeam "Koeln Porz IV"]
[BlackTeam "Erftstadt SV"]
[WhiteTeamCountry "GER"]
[BlackTeamCountry "GER"]

1. d4 Nf6 2. Nf3 d5 3. Bf4 Bf5 4. e3 h6 5. Bd3 Bxd3 6. Qxd3 Nbd7 7. h3 e6 8. Nbd2 Bd6 9. Bh2 0-0 10. 0-0 Bxh2+ 11. Nxh2 c5 12. c3 Qc7 13. Nhf3 Rac8 14. Rac1 b5 15. b4 cxb4 16. cxb4 Qxc1 17. Rxc1 Rxc1+ 18. Kh2 a6 19. Nb3 Rc6 20. Nc5 Nxc5 21. dxc5 Ne4 22. Ne5 Rc7 23. f3 Nf6 24. Qa3 Ra8 25. Qa5 Raa7 26. Qa3 Nd7 27. Qc3 Nxe5 28. Qxe5 Kh7 29. a3 Rc6 30. g4 f6 31. Qd4 Kg8 32. Kg3 Kf7 33. f4 Rd7 1/2-1/2